| 000 | 00434nam a22001457a 4500 | ||
|---|---|---|---|
| 003 | macl | ||
| 005 | 20190108154138.0 | ||
| 008 | 190108b xxu||||| |||| 00| 0 eng d | ||
| 040 | _cmacl | ||
| 100 |
_aमिश्र, रामदरश _973616 |
||
| 245 | _aआस पास | ||
| 260 |
_aदिल्ली _bइन्द्रप्प्रस्थ _c2010 |
||
| 650 |
_aरचनावली _9163 |
||
| 942 |
_2ddc _cHIN |
||
| 999 |
_c58866 _d58866 |
||